书目信息 |
| 题名: |
日语常用词语例解
|
|
| 作者: | 田龙熙 编 | |
| 分册: | ||
| 出版信息: | 北京 商务印书馆 1984 |
|
| 页数: | 297页 | |
| 开本: | 19cm | |
| 丛书名: | ||
| 单 册: | ||
| 中图分类: | H364.1 | |
| 科图分类: | ||
| 主题词: | 日语-词语--解释 , 词语-日语--解释 , 日语 | |
| 电子资源: | ||
| ISBN: | ||
| 000 | 00698nam0 2200265 45 | |
| 001 | 0184002921 | |
| 005 | 20040511160953.8 | |
| 010 | @dCNY1.10 | |
| 091 | @a9017.1351 | |
| 100 | @a19950619d1984 em y0chiy0121 ea | |
| 101 | 2 | @achi@ajpn |
| 102 | @aCN@b110000 | |
| 105 | @ay z 000yy | |
| 106 | @ar | |
| 200 | 10 | @a日语常用词语例解@Ari yu chang yong ci yu li jie@f田龙熙编 |
| 210 | @a北京@c商务印书馆@d1984 | |
| 215 | @a297页@d19cm | |
| 606 | @a日语-词语@x解释 | |
| 606 | @a词语-日语@x解释 | |
| 606 | 0 | @a日语 |
| 690 | @aH364.1 | |
| 701 | 0 | @a田龙熙@Atian long xi@4编 |
| 801 | 0 | @aCN@b上海图书馆@c20040511 |
| 801 | 2 | @aCN@bNLC@c20040511 |
| 905 | @f1@b117848@dH364.1@e3@b117849-851@f3 | |
| 日语常用词语例解/田龙熙编.-北京:商务印书馆,1984 |
| 297页;19cm |
| ISBN :CNY1.10 |
| ● |
| 相关链接 |
|
|
|
|
正题名:日语常用词语例解
索取号:H364.1/3
 
预约/预借
| 序号 | 登录号 | 条形码 | 馆藏地/架位号 | 状态 | 备注 |
| 1 | 0117848 | 001060700 | 第四借阅区/ [索取号:H364.1/3] | 在馆 | |
| 2 | 0117849 | 001060737 | 第四借阅区/ [索取号:H364.1/3] | 在馆 | |
| 3 | 0117850 | 001060693 | 第四借阅区/ [索取号:H364.1/3] | 在馆 | |
| 4 | 0117851 | 001060684 | 第四借阅区/ [索取号:H364.1/3] | 在馆 | |
| 5 | 0117852 | 001060675 | 第四借阅区/ [索取号:H364.1/3] | 在馆 | |
| 6 | 0117853 | 001060666 | 第二样本阅览室/ [索取号:H364.1/3] | 在馆 |